| 000 | 00582nam a22001937a 4500 | ||
|---|---|---|---|
| 999 |
_c2403 _d2403 |
||
| 005 | 20230508104946.0 | ||
| 008 | 230508b ||||| |||| 00| 0 eng d | ||
| 020 | _a9781848957695 | ||
| 040 | _cKH8 | ||
| 082 | _a823.914 FRE | ||
| 100 |
_aFreedman, Claire _eAuthor |
||
| 245 |
_aOne magical morning / _cClaire Freedman |
||
| 260 |
_aLondon, _bLittle Tiger Press, _c2016 |
||
| 300 |
_a1 volume (unpaged) : _bcolour illustrations ; _c25 cm |
||
| 521 | _a Picture books for children | ||
| 650 | _2Animals | ||
| 650 | _aAnimals Picture books Juvenile fiction | ||
| 942 |
_2ddc _cFIC |
||